<?xml version="1.0" encoding="UTF-8"?>
<collection xmlns="http://www.loc.gov/MARC21/slim">
 <record>
  <leader>02632nam a2200205Ia 4500</leader>
  <controlfield tag="001">CTU_232980</controlfield>
  <controlfield tag="008">210402s9999    xx            000 0 und d</controlfield>
  <datafield tag="082" ind1=" " ind2=" ">
   <subfield code="a">005.74</subfield>
  </datafield>
  <datafield tag="082" ind1=" " ind2=" ">
   <subfield code="b">H292</subfield>
  </datafield>
  <datafield tag="100" ind1=" " ind2=" ">
   <subfield code="a">Harold, Elliotte Rusty</subfield>
  </datafield>
  <datafield tag="245" ind1=" " ind2="0">
   <subfield code="a">XML in a nutshell :</subfield>
  </datafield>
  <datafield tag="245" ind1=" " ind2="0">
   <subfield code="b">Manuel de référence</subfield>
  </datafield>
  <datafield tag="245" ind1=" " ind2="0">
   <subfield code="c">Elliotte Rusty Harold, W. Scott Means ; Traduction de Thomas Broyer, Philippe Ensarguet, Alain Ketterlin</subfield>
  </datafield>
  <datafield tag="260" ind1=" " ind2=" ">
   <subfield code="a">Paris</subfield>
  </datafield>
  <datafield tag="260" ind1=" " ind2=" ">
   <subfield code="b">O'Reilly</subfield>
  </datafield>
  <datafield tag="260" ind1=" " ind2=" ">
   <subfield code="c">2001</subfield>
  </datafield>
  <datafield tag="520" ind1=" " ind2=" ">
   <subfield code="a">Comme prévu par ses concepteurs, XML s'impose inexorablement dans la plupart des champs de l'informatique moderne et passe ainsi du statut de &quot; nouvelle technologie &quot; à celui d'outil de travail pour des millions de développeurs et de webmasters. L'ambition de cette seconde édition de XML in a Nutshell est d'être une référence aussi concise que possible sur les principaux formats et API utilisés lors de l'analyse, la transformation et le rendu des sources de données XML. Ceux qui sont concernés par l'échange de données seront intéressés par les chapitres présentant ce qu'est un document XML, les DTD, les espaces de noms, l'internationalisation et XML Schema. Les webmasters tireront principalement profit des chapitres décrivant l'utilisation de XHTML et des CSS, des différents jeux de caractères autorisés, XLink et XPointer, ou encore RDF, SVG et RDDL, mais aussi ceux décrivant XPath, XSLT et XSL-FO. Les développeurs auront constamment sous la main non seulement la description complète de la norme XML, du format des DTD, des divers jeux de caractères et des espaces de noms, mais aussi les API fondamentales comme SAX2 (Simple API for XML) et DOM (Document Object Model) niveau 1 et 2. Bien entendu, les chapitres couvrant XPath et XSLT sont aussi fait pour eux. Les auteurs se sont attachés à ne parler que des langages, API et formats arrivés à maturité, pour lesquels il existe des outils ayant déjà fait leur preuve. Vous trouverez, pour chaque technique abordée non seulement un exposé exhaustif de sa syntaxe et de ses API, mais aussi des exemples d'utilisation concrets, qui vous montreront comment adapter les standards à vos besoins. Mieux qu'un simple aide-mémoire, cet ouvrage deviendra vite le compagnon indispensable de tout ceux qui travaillent de près ou de loin avec XML, qu'ils s'en servent comme format documentaire, ou comme format de données et d'échange.</subfield>
  </datafield>
  <datafield tag="650" ind1=" " ind2=" ">
   <subfield code="a">XML (Ngôn ngữ đánh dấu văn bản),XML (Document markup language)</subfield>
  </datafield>
  <datafield tag="910" ind1=" " ind2=" ">
   <subfield code="b">dqhieu</subfield>
  </datafield>
  <datafield tag="980" ind1=" " ind2=" ">
   <subfield code="a">Trung tâm Học liệu Trường Đại học Cần Thơ</subfield>
  </datafield>
 </record>
</collection>
